[Event "GBR-ch U1900 op 105th"]
[Site "Hull"]
[Date "2018.08.03"]
[Round "5"]
[White "Hambly, David J"]
[Black "Weersing, Abigail W"]
[Result "1-0"]
[WhiteElo "1840"]
[BlackElo "1608"]
[PlyCount "145"]
[EventDate "2018.07.30"]
[EventType "swiss"]
[EventRounds "5"]
[EventCountry "ENG"]
[SourceTitle "EXT 2021"]
[Source "ChessBase"]
[SourceDate "2020.10.23"]
[SourceVersion "1"]
[SourceVersionDate "2020.10.23"]
[SourceQuality "1"]

1. d4 d5 2. c4 e6 3. Nc3 Nf6 4. Bg5 Nbd7 5. e3 c6 6. Nf3 Qa5 7. Nd2 Bb4 8. Qc2 0-0 9. Be2 dxc4 10. Bxf6 Nxf6 11. Nxc4 Qc7 12. 0-0 Bd6 13. h3 e5 14. dxe5 Bxe5 15. Rad1 Be6 16. Nxe5 Qxe5 17. e4 Rfe8 18. Rd2 Rad8 19. Rfd1 Rxd2 20. Rxd2 h6 21. Qd3 Nh5 22. Bxh5 Qxh5 23. f4 Qh4 24. Qe3 Bf5 25. g4 Bc8 26. Rg2 b6 27. Qg3 Qxg3 28. Rxg3 Rd8 29. Re3 Rd2 30. Re2 Rd3 31. Kh2 Ba6 32. Rf2 Kf8 33. e5 Ke7 34. Ne4 Bc4 35. a3 Be6 36. f5 Bd5 37. f6+ gxf6 38. Nxf6 Re3 39. Ng8+ Ke8 40. Nxh6 Rxe5 41. Nf5 Be6 42. Nd4 Kd7 43. Kg3 Re4 44. Rd2 Kc7 45. Nxe6+ Rxe6 46. Kf4 Rh6 47. Kg3 Rg6 48. h4 Re6 49. h5 Rh6 50. Kf4 f6 51. Kf5 c5 52. Re2 a5 53. a4 Rh8 54. Re6 Rd8 55. Rxf6 Rd1 56. h6 Rh1 57. g5 Rh2 58. Rf7+ Kd6 59. h7 c4 60. g6 Rf2+ 61. Ke4 Re2+ 62. Kd4 Rxb2 63. h8Q Rd2+ 64. Kxc4 Rc2+ 65. Kd3 Ra2 66. g7 Rxa4 67. g8Q Ra3+ 68. Kc2 Ra2+ 69. Kb1 Re2 70. Qd4+ Kc6 71. Rf6+ Kb7 72. Qd7+ Ka6 73. Qc4# 1-0